01789nam a22003134aa4500003000800000005001700008008004100025040003000066041000800096044000700104082001900111100004600130245018000176260002500356300004300381500003600424502017600460520056000636650001901196653001101215653001901226653001501245653001001260653001101270700004201281942001501323999001701338952012001355BOFEUTO20260626103131.0260611t2025 bo gr 000 f spa d 6BOFEUTOaBOFEUTOcBOFEUTO aspa abo aTE6322bAg282m aAguilar Rodríguez, Daniela Maiteeautor aModelo probabilístico para optimizar inventarios en la Empresa Nuevo Milenio S.R.L. de la ciudad de Oruro /cDaniela Maite Aguilar Rodríguez, Joshua Alfredo Bellot Sáenz aOruro :bs/n,c2025. a116 hojas ;bilus. gráf. ;c28.5 cm. aIncluye bibliografía, anexos. aTrabajo Dirigido, (Licenciatura) -- Universidad Técnica de Oruro, Facultad de Ciencias Económicas, Financieras y Administrativas, Carrera Ingeniería Comercial, 2025. aLa optimización de inventarios es una estrategia que las empresa utilizan para controlar y gestionar los niveles de existencia, desde la fabricación hasta la venta. El objetivo es tener los productos correctos en el momento adecuado y en el lugar adecuado, para satisfacer la demanda de los clientes y minimizar los costos, es por este motivo que el presente trabajo presenta como objetivo general determinar cuáles son las variables que inciden en la optimización de inventarios en la empresa Nuevo Milenio de la ciudad de Oruro, gestión 2024. aOptimización aVentas aOptimización aInventario aStock aCostos aBellot Sáenz, Joshua Alfredoetutor 2ddccTEn0 c16180d16180 00102ddc4070aUTObUTOc4d2026-06-11i6322l0oTE6322/Ag282mpTE6322r2026-06-26 10:32:44tEj.1w2026-06-26yTE